000 00253nam a2200109Ia 4500
008 200302s9999 xx 000 0 und d
100 _aSimon Nicholson
245 _aUnit 1 The Empty Box
260 _bThe Open University
260 _c1976
300 _a44 P.,
999 _c535
_d535